000 00597nam a22002057a 4500
005 20221217095948.0
008 221109b ||||| |||| 00| 0 eng d
040 _cAL
041 _aeng
082 _223
_a328.542
_bLOKL
100 _aLok Sabha Secretariat
_966593
245 _aLok sabha debates:
_bFirst session Tenth lok sabha Part I Vol 2
260 _aNew Delhi
_bLok Sabha Secretariat
_c1991
300 _bHB
_c23x16cm.
365 _2Political Science
440 _a
_961548
_nVol 2
650 _aDebates Parliament
_961549
700 _aLOK SABHA SECRETARIAT
_961550
942 _2ddc
_cGF
999 _c225896
_d225896